What AILS the IAS and why it fails to deliver : (Record no. 168349)

MARC details
000 -LEADER
fixed length control field 00660nam a22001937a 4500
005 - DATE AND TIME OF LATEST TRANSACTION
control field 20191004163901.0
010 ## - LCCN (DPL NO)
LC control number ENG-126601
020 ## - INTERNATIONAL STANDARD BOOK NUMBER
International Standard Book Number 9789353286484
Terms of availability 595.00
035 ## - SYSTEM CONTROL NUMBER
System control number EN-110133
037 ## - SOURCE OF ACQUISITION
Source of stock number/acquisition DBAD/PUB
082 ## - DEWEY DECIMAL CLASSIFICATION NUMBER
Classification number 352.630
100 ## - MAIN ENTRY--PERSONAL NAME
Personal name Saxena, Naresh Chandra
245 ## - TITLE STATEMENT
Title What AILS the IAS and why it fails to deliver :
Statement of responsibility, etc by Naresh Chandra Saxena
Remainder of title an insider's view /
260 ## - PUBLICATION, DISTRIBUTION, ETC. (IMPRINT)
Place of publication, distribution, etc New Delhi
Name of publisher, distributor, etc SAGE Publications
270 ## - ADDRESS
Address B1/1-1, Mohan Cooperative Industrial Area
City Mathura Road, Post Bag 7, New Delhi
Postal code 110044
Electronic mail address marketing@sagepub.in
300 ## - PHYSICAL DESCRIPTION
Extent 245p.
Dimensions 22cm(pbk)
500 ## - GENERAL NOTE
General note Includes bibliographical references
942 ## - ADDED ENTRY ELEMENTS (KOHA)
Source of classification or shelving scheme Dewey Decimal Classification
Item type English Books
Call number suffix SAX
Holdings
Withdrawn status Lost status Not for loan Collection code Home library Current library Date acquired Source of acquisition Cost, normal purchase price Full call number Barcode Copy number Cost, replacement price Koha item type
      Non-fiction Sarojini Nagar Sarojini Nagar 04/10/2019 DBAD/PUB 595.00 SAX EN-110133 1 595.00 English Books

© Delhi Public Library
Hit Counter
free hit counter